000 00996nam a22003017a 4500
001 4854
003 FISKH
005 20241018083055.0
008 241018b cb ||||| |||| 00| 0 eng d
020 _a9780395519363
040 _aFISKH
_beng
_cFISKH
_dFISKH
050 _aPZ7.C918
082 _a813.52
100 _aRey, Marget
_d(1906–1996)
245 _aCurious george /
_cAdapted from the Curious George film series Edit by Margret Rey and alan J.shalleck
250 _a1989
260 _aNew York :
_bHoughton Mifflin,
_c1989.
300 _a30 pages :
_bColor illustrations ;
_c21 cm
505 _aJ
520 _aCurious George, an inquisitive monkey, causes quite a stir when he tries his "hand" at making pancakes at a fundraiser for the children's hospital.
521 8 _a490L
_bLexile
521 8 _aJ
_bRaz-Plus
650 _2Dinosaurs
_aMuseums
650 _2Fiction
_aField trip
700 _aJ.shalleck, Alan
_dIllustrator
942 _2ddc
_cBK
_n0
999 _c4854
_d4854